000 00435nam a2200181Ia 4500
005 20250423100835.0
008 250422s9999 xx 000 0 und d
020 _a0670858692
050 _aPS 3561 .I483 R67/
100 _aKing, Stephen
245 0 _aRose madder
260 _aNew York
260 _bViking
260 _c1995
300 _a420 p
650 _a Runaway wives --Fiction. Revenge --Fiction.
942 _cBK
999 _c34500
_d34500